| 000 | 00554nam a22001931a 4500 | ||
|---|---|---|---|
| 001 | 11507 | ||
| 003 | OSt | ||
| 005 | 20260204212245.0 | ||
| 008 | 121119s2006||||dr ||||||b||||||||||spa|| | ||
| 020 | _a9993468835 | ||
| 050 | _aRD 346.096 R796c | ||
| 100 | _aRowland C., James | ||
| 245 | _aEl cheque: estudio legal, juriprudencial y doctrinal / James A. Rowland Cruz | ||
| 264 | _aSanto Domingo : Ediciones Jurídicas Trajano Potentini | ||
| 300 | _a322 p | ||
| 500 | _aIncluye bibliografía | ||
| 650 | _aCheques - LegislaciónÌ | ||
| 942 |
_2ddc _cBK |
||
| 999 |
_c11507 _d11507 |
||